000 00373 a2200085 4500
999 _c21066
_d21066
003 WA 310
005 20211222112429.0
008 211124s1998 pl |||f u||| 000 0 pol d
020 _a8323626111
040 _aWA 310
_cWA 310
041 _apol
_heng
245 0 0 _aElektryczne przyrządy pomiarowe wskazujące analogowe o działaniu bezpośrednim i ich przybory - Wymagania specjalne dotyczące watomierzy i waromierzy =
_bDirect acting indicating analogue electrical measuring instruments and their accessories - Part 3: Special requirements for wattmeters and varmeters (IEC 60051-3:1984) PN-EN 60051-3+A1:1998P /
_cNKP nr 71.
246 1 3 _aPN-EN 60051-3+A1
246 1 3 _aICS 17.220.20
246 1 3 _aPolska Norma
246 3 1 _aDirect acting indicating analogue electrical measuring instruments and their accessories - Part 3: Special requirements for wattmeters and varmeters (IEC 60051-3:1984)
260 _aWarszawa :
_bPKN,
_c1998.
300 _a12 stron ;
_c30 cm.
336 _2rdacontent
_aTekst
_btxt
337 _2rdamedia
_aBez urządzenia pośredniczącego
_bn
338 _2rdacarrier
_aWolumin
_bnc
500 _aWprowadza EN 60051-3:1989, IDT ; Zastępuje PN-92/E-06501/03 ; Zatwierdzona 28 grudnia 1998 r.
500 _aNorma Europejska EN 60051-3:1989 [...] ma status Polskiej Normy.
590 _6Status: wycofana ; Zastąpiona przez PN-EN IEC 60051-3:2021-09 wersja angielska.
710 _91107
_aPolska.
_bPolski Komitet Normalizacyjny.
_eInstytucja sprawcza
_eWydawca
920 _a83-236-2611-1
942 _2ddc
_cBK